NUMERICAL PROBLEMS ON MINE VENTILATION (Record no. 5398)

MARC details
000 -LEADER
fixed length control field 00374nam a22001577a 4500
005 - DATE AND TIME OF LATEST TRANSACTION
control field 20170401155421.0
008 - FIXED-LENGTH DATA ELEMENTS--GENERAL INFORMATION
fixed length control field 170401b xxu||||| |||| 00| 0 eng d
020 ## - INTERNATIONAL STANDARD BOOK NUMBER
ISBN 978-81-7956-139-3
041 ## - LANGUAGE CODE
Language code of text/sound track or separate title eng
100 ## - MAIN ENTRY--AUTHOR NAME
Personal name KAKU,L.C
245 ## - TITLE STATEMENT
Title NUMERICAL PROBLEMS ON MINE VENTILATION
260 ## - PUBLICATION, DISTRIBUTION, ETC. (IMPRINT)
Name of publisher LOVELY PRAKSAN
300 ## - PHYSICAL DESCRIPTION
Number of Pages 208
650 ## - SUBJECT ADDED ENTRY--TOPICAL TERM
Topical Term MINING
942 ## - ADDED ENTRY ELEMENTS (KOHA)
Koha item type Books
Holdings
Lost status Damaged status Collection code Home library Current library Shelving location Date acquired Source of acquisition Cost, normal purchase price Accession Number Koha item type
    MINING JRU Library JRU Library SHELF-100-B 18/09/2025 PURCHASE 225.00 21648 Books
    MINING JRU Library JRU Library SHELF-100-B 17/10/2025 PURCHASE 225.00 21649 Books
    MINING JRU Library   SHELF-6-C 08/11/2023 PURCHASE 225.00 21650 Books